| 000 | 00706nam a2200241 a 4500 | ||
|---|---|---|---|
| 001 | BRL_30 | ||
| 005 | 20190320210546.0 | ||
| 008 | 720302s1957 nyua######---#000-0#eng-# | ||
| 040 |
_aDLC _cOAU _dOCoLC |
||
| 041 | _aeng | ||
| 044 | _anyu | ||
| 050 | 4 |
_aTR650 _b.B35 1957 |
|
| 100 | 1 |
_aBalish, Jacquelyn _922695 |
|
| 245 | 1 | 0 |
_aLeica World _cedited by Jacquelyn Balish ; designed by Ernest G. Scarfone. |
| 260 |
_aNueva York _bAmerican Photographic Book Publishing _cc1957 |
||
| 300 |
_a172 p. _bil. (algunas a color) _c29 cm. |
||
| 500 | _aAu31 | ||
| 650 | 1 | 4 |
_aFotografía artística _92547 |
| 650 | 1 | 4 |
_aCámara Leica _922696 |
| 700 | 1 |
_aScarfone, Ernest G. _922697 |
|
| 902 | _aGRL | ||
| 942 |
_2lcc _cB |
||
| 999 |
_c8843 _d8843 |
||